000 00576nam a22002297a 4500
003 UA-OsUOA
001 19745
007 ta
008 20040212b un ||||| |||| 00| 0 ukr d
090 _bІ-58
942 _cBK
040 _aUA-OsUOA
_bukr
_cUA-OsUOA
_dUA-OsUOA
245 _aІнва . net
_bІнформаційний бюлетень
300 _a48 с.
955 _a0
041 _aukr
591 _a65.9(4Укр)272
260 _aРівне
_bРДОБ
_c2003
246 3 1 _aВип.2
_n
044 _aUA
650 7 _aБюлетень інформаційний
_2UDC
999 _c305917
_d305917